[Event "Lichtenberger Sommer 2016"]
[Site "?"]
[Date "2016.08.15"]
[Round "3.2"]
[White "Hansch, Stephan"]
[Black "Poetsch, Hagen"]
[Result "1/2-1/2"]
[WhiteElo "2126"]
[BlackElo "2501"]
[PlyCount "138"]
[EventDate "2016.??.??"]
[WhiteTeam "SC Empor Potsdam"]
[BlackTeam "SF Schöneck"]

1. d4 Nf6 2. c4 b6 3. f3 Bb7 4. Nc3 d5 5. cxd5 Nxd5 6. Nxd5 Qxd5 7. e4 Qd6 8.
Bd3 Nd7 9. Ne2 e5 10. Be3 exd4 11. Nxd4 Qb4+ 12. Qd2 Ne5 13. Be2 Qxd2+ 14. Bxd2
O-O-O 15. Bc3 c5 16. Nf5 f6 17. Rd1 Rxd1+ 18. Kxd1 g6 19. Ne3 Bd6 20. Kc2 Rf8
21. Nc4 Nxc4 22. Bxc4 Bc6 23. Rd1 Kc7 24. b4 cxb4 25. Rxd6 bxc3 26. Re6 Bd7 27.
Re7 Kd6 28. Rxh7 Rc8 29. Bb3 a5 30. f4 Bc6 31. Kxc3 a4 32. Bd1 Bxe4+ 33. Kb4
Bxg2 34. Bxa4 Rc1 35. Rd7+ Ke6 36. Rg7 Be4 37. Be8 Rc2 38. h4 Rh2 39. Bxg6 Bxg6
40. Rxg6 Kf5 41. Rh6 Rxa2 42. Kc3 Re2 43. h5 Re6 44. Rg6 Re3+ 45. Kd4 Rh3 46.
Rh6 Rh4 47. Ke3 b5 48. Rh7 Rh3+ 49. Kf2 Kxf4 50. h6 f5 51. Rb7 Rh2+ 52. Kg1
Rxh6 53. Rxb5 Kg4 54. Rb8 Rc6 55. Rb3 Rc2 56. Ra3 Kf4 57. Ra4+ Kf3 58. Ra3+ Ke2
59. Kg2 f4 60. Rf3 Rc4 61. Ra3 Rd4 62. Rf3 Re4 63. Ra3 Re8 64. Ra2+ Ke3 65.
Ra3+ Ke4 66. Ra4+ Kf5 67. Ra7 Re2+ 68. Kf3 Re3+ 69. Kf2 Rc3 1/2-1/2

[Event "Lichtenberger Sommer 2016"]
[Site "?"]
[Date "2016.08.15"]
[Round "3.3"]
[White "Morawietz, Dieter"]
[Black "Schliebener, Stephan"]
[Result "1-0"]
[WhiteElo "2424"]
[BlackElo "2207"]
[PlyCount "67"]
[EventDate "2016.??.??"]
[WhiteTeam "Klub Kölner SF"]
[BlackTeam "BSV 63 Chemie Weißensee"]

1. e4 c5 2. Nf3 Nc6 3. d4 cxd4 4. Nxd4 g6 5. c4 Bg7 6. Be3 Nf6 7. Nc3 O-O 8.
Be2 d6 9. O-O Bd7 10. Qd2 Nxd4 11. Bxd4 Bc6 12. f3 a5 13. Rfd1 Nd7 14. Be3 Nc5
15. Qe1 Qc7 16. b3 Rfd8 17. Rac1 h6 18. Nd5 Bxd5 19. exd5 Kh7 20. Qf2 Rdc8 21.
Bf1 Qd8 22. g3 b6 23. Qc2 Qd7 24. h4 Qf5 25. Qxf5 gxf5 26. Bh3 e6 27. dxe6 fxe6
28. Rxd6 Be5 29. Rxb6 Bxg3 30. h5 Rg8 31. Kf1 Nd3 32. Rxe6 Nxc1 33. Bxf5+ Kg7
34. Rg6+ 1-0

[Event "Lichtenberger Sommer 2016"]
[Site "?"]
[Date "2016.08.15"]
[Round "3.4"]
[White "Nötzel, Felix"]
[Black "Ahmadinia, Ebrahim"]
[Result "0-1"]
[WhiteElo "2212"]
[BlackElo "2357"]
[PlyCount "154"]
[EventDate "2016.??.??"]
[WhiteTeam "SF 1903 Berlin"]
[BlackTeam "SF 1903 Berlin"]

1. e4 d6 2. d4 Nf6 3. Nc3 e5 4. Nf3 Nbd7 5. Bc4 Be7 6. O-O O-O 7. Qe2 c6 8. a4
h6 9. b3 Re8 10. Bb2 exd4 11. Nxd4 d5 12. exd5 Bc5 13. Ne6 Qa5 14. dxc6 bxc6
15. Ne4 fxe6 16. Rad1 Bf8 17. Nxf6+ Nxf6 18. Bxf6 gxf6 19. Qe4 Re7 20. Qg6+ Bg7
21. Rd6 Qc7 22. Rfd1 Bd7 23. Rxd7 Rxd7 24. Bxe6+ Rf7 25. h4 Re8 26. Bxf7+ Qxf7
27. Qxf7+ Kxf7 28. Rd6 Re6 29. Rd7+ Re7 30. Rd6 Rc7 31. Kf1 Bf8 32. Rd8 h5 33.
f3 f5 34. g4 fxg4 35. fxg4 hxg4 36. Rd4 Rb7 37. Rxg4 Rb4 38. Rg5 c5 39. h5 Be7
40. Rg6 Bf6 41. Ke2 Rh4 42. Rh6 a5 43. Kd3 Ke6 44. Rh7 Kd5 45. Rd7+ Kc6 46. Ra7
Bd8 47. Rh7 Bc7 48. Rh6+ Kd5 49. c4+ Ke5 50. Rc6 Bd6 51. Ra6 Rxh5 52. Rxa5 Rh3+
53. Kc2 Kd4 54. b4 Rh2+ 55. Kb3 Rh3+ 56. Kc2 Kxc4 57. bxc5 Rh2+ 58. Kd1 Bxc5
59. Ra8 Kd3 60. Re8 Ra2 61. Rd8+ Bd4 62. Rc8 Rxa4 63. Rc2 Ra1+ 64. Rc1 Ra2 65.
Rc8 Bb6 66. Rc6 Rg2 67. Rd6+ Bd4 68. Re6 Rd2+ 69. Ke1 Rb2 70. Kf1 Rf2+ 71. Ke1
Rg2 72. Kd1 Ra2 73. Rc6 Rd2+ 74. Kc1 Rg2 75. Kb1 Rb2+ 76. Kc1 Rb5 77. Rd6 Ra5
0-1

[Event "Lichtenberger Sommer 2016"]
[Site "?"]
[Date "2016.08.15"]
[Round "3.5"]
[White "Ross, Chris N"]
[Black "Zschäbitz, Klaus"]
[Result "1-0"]
[WhiteElo "2199"]
[BlackElo "2077"]
[PlyCount "129"]
[EventDate "2016.??.??"]
[WhiteTeam "Schachgemeinschaft Niederkasse"]
[BlackTeam "Berliner SchGes Eckbauer"]

1. d4 Nf6 2. Nf3 e6 3. g3 b6 4. Bg2 Bb7 5. O-O c5 6. dxc5 Bxc5 7. c4 O-O 8. Nc3
Be7 9. Bf4 a6 10. Rc1 d6 11. Re1 Ne4 12. Nxe4 Bxe4 13. Bf1 Qc7 14. Nd2 Bb7 15.
e4 Nd7 16. a3 e5 17. Be3 Nc5 18. Qc2 Rab8 19. b4 Ne6 20. Qd3 g6 21. Bg2 Qd8 22.
Nb3 Ba8 23. Red1 Rb7 24. Qe2 Ng5 25. c5 bxc5 26. Nxc5 Rc7 27. h4 Qb8 28. hxg5
dxc5 29. Bxc5 Bxc5 30. Rxc5 Ra7 31. Qe3 Re8 32. Qd2 Qb7 33. Rdc1 Qe7 34. Rc8 a5
35. bxa5 Kg7 36. Rxe8 Qxe8 37. Qb4 Qd8 38. Qb6 Qxb6 39. axb6 Rxa3 40. Rc8 Ra1+
41. Kh2 Bb7 42. Rc7 Ba6 43. Ra7 Ra2 44. b7 Rb2 45. Rxa6 Rxb7 46. Ra5 Re7 47.
Bf1 h6 48. gxh6+ Kxh6 49. Bc4 f6 50. Kg2 Rc7 51. Bd5 Kg5 52. Rb5 Rc2 53. Rb7
Rc8 54. Rh7 Rb8 55. Bf7 f5 56. Rg7 Kf6 57. Rxg6+ Kxf7 58. exf5 Rb5 59. Re6 Ra5
60. Kf3 Rb5 61. Ke4 Rb2 62. Kxe5 Rxf2 63. Rf6+ Ke7 64. Ra6 Re2+ 65. Kf4 1-0

[Event "Lichtenberger Sommer 2016"]
[Site "?"]
[Date "2016.08.15"]
[Round "3.6"]
[White "Figura, Atila Gajo"]
[Black "Koop, Thilo"]
[Result "1/2-1/2"]
[WhiteElo "2374"]
[BlackElo "2156"]
[PlyCount "86"]
[EventDate "2016.??.??"]
[WhiteTeam "SC Kreuzberg"]
[BlackTeam "Lübecker SV"]

1. d4 d5 2. c4 Nc6 3. Nc3 Nf6 4. Nf3 dxc4 5. Bg5 h6 6. Bh4 a6 7. e4 Bg4 8. d5
Ne5 9. Bg3 Bxf3 10. gxf3 Nd3+ 11. Bxd3 cxd3 12. Qxd3 Nh5 13. O-O-O Nxg3 14.
hxg3 Qd6 15. f4 O-O-O 16. e5 Qc5 17. Qf5+ Kb8 18. Qxf7 Qxf2 19. Qg6 e6 20. dxe6
Bb4 21. Rd3 Bxc3 22. Rxc3 Qg2 23. Qh5 Rd2 24. Rd1 Rxb2 25. Qf7 Rc8 26. e7 Rxa2
27. Qxa2 Qxa2 28. Rd8 Qe6 29. e8=Q Qxe8 30. Rxe8 Rxe8 31. Kd2 Kc8 32. Ke3 g6
33. Ke4 h5 34. g4 hxg4 35. Rg3 c6 36. Rxg4 Re6 37. Rh4 Kd7 38. Rh7+ Re7 39. Rh8
Kc7 40. Rg8 Re6 41. Rg7+ Kb6 42. Rf7 Re8 43. Rg7 Re6 1/2-1/2

[Event "Lichtenberger Sommer 2016"]
[Site "?"]
[Date "2016.08.15"]
[Round "3.7"]
[White "Roth, Josef"]
[Black "Von Herman, Ulf"]
[Result "0-1"]
[WhiteElo "2091"]
[BlackElo "2340"]
[PlyCount "48"]
[EventDate "2016.??.??"]
[WhiteTeam "SK König Tegel"]
[BlackTeam "SK König Tegel"]

1. e4 e6 2. d4 d5 3. Nd2 c5 4. exd5 Qxd5 5. dxc5 Bxc5 6. Ngf3 Nf6 7. Bc4 Qd6 8.
O-O Qc7 9. Qe2 a6 10. Ne4 Nxe4 11. Qxe4 Nd7 12. Bg5 Nf6 13. Qh4 Be7 14. Rfe1 b5
15. Bd3 Bb7 16. Ne5 Nd5 17. Bxe7 Qxe7 18. Qg3 O-O 19. c3 Rfd8 20. Rad1 Rd6 21.
Ng4 Rad8 22. Nh6+ Kh8 23. Nf5 exf5 24. Rxe7 Nxe7 0-1

[Event "Lichtenberger Sommer 2016"]
[Site "?"]
[Date "2016.08.15"]
[Round "3.8"]
[White "Lerch, Philipp"]
[Black "Federau, Jürgen"]
[Result "1-0"]
[WhiteElo "2315"]
[BlackElo "2094"]
[PlyCount "101"]
[EventDate "2016.??.??"]
[WhiteTeam "SC Kreuzberg"]
[BlackTeam "SC Kreuzberg"]

1. e4 c5 2. Nf3 d6 3. c3 Nf6 4. Bd3 Nc6 5. Bc2 g6 6. d3 Bg7 7. O-O O-O 8. h3 e5
9. Be3 b6 10. Na3 Bb7 11. Nc4 b5 12. Ncd2 Qe7 13. Re1 d5 14. exd5 Nxd5 15. Bg5
Qc7 16. Ne4 h6 17. Bd2 Nd8 18. a4 b4 19. Bb3 bxc3 20. bxc3 Ne6 21. Bxh6 Nxc3
22. Nxc3 Bxf3 23. Qxf3 Bxh6 24. Bxe6 fxe6 25. Qe2 Rad8 26. Ne4 Rd4 27. a5 c4
28. dxc4 Qxc4 29. Qxc4 Rxc4 30. Rab1 Ra4 31. Rb5 Bg7 32. Re2 Rd8 33. Ng5 Re8
34. Reb2 e4 35. Re2 Ra1+ 36. Kh2 Bc3 37. Nxe4 Bxa5 38. Nf6+ Kf7 39. Nxe8 Kxe8
40. Rxe6+ Kf7 41. Rc6 Bb6 42. Kg3 Ra2 43. f3 Bf2+ 44. Kg4 Ra4+ 45. f4 Bb6 46.
Rd5 Ra2 47. g3 Ra3 48. Rd7+ Ke8 49. Rh7 Kd8 50. Rxg6 Bf2 51. Rg8# 1-0

[Event "Lichtenberger Sommer 2016"]
[Site "?"]
[Date "2016.08.15"]
[Round "3.9"]
[White "Schulz, Michael"]
[Black "Förster, Jonas"]
[Result "1/2-1/2"]
[WhiteElo "2120"]
[BlackElo "2289"]
[PlyCount "31"]
[EventDate "2016.??.??"]
[WhiteTeam "SC Zitadelle Spandau"]
[BlackTeam "SV Empor Berlin"]

1. d4 Nf6 2. Bg5 e6 3. Nd2 h6 4. Bh4 d5 5. e3 c5 6. c3 Nc6 7. Ngf3 Bd6 8. Bd3
O-O 9. O-O Re8 10. e4 cxd4 11. cxd4 dxe4 12. Nxe4 Be7 13. Nxf6+ Bxf6 14. Bxf6
Qxf6 15. Bb5 Bd7 16. Ne5 1/2-1/2

[Event "Lichtenberger Sommer 2016"]
[Site "?"]
[Date "2016.08.15"]
[Round "3.10"]
[White "Jahn, Thomas"]
[Black "Hansch, Karsten"]
[Result "1-0"]
[WhiteElo "2195"]
[BlackElo "2265"]
[PlyCount "61"]
[EventDate "2016.??.??"]
[WhiteTeam "SV Empor Berlin"]
[BlackTeam "SC Empor Potsdam"]

1. e4 c5 2. Nf3 d6 3. d4 cxd4 4. Nxd4 Nf6 5. Nc3 a6 6. Bg5 e6 7. f4 h6 8. Bh4
Qb6 9. Qd2 Qxb2 10. Rb1 Qa3 11. f5 Nc6 12. fxe6 fxe6 13. Nxc6 bxc6 14. e5 Nd5
15. Nxd5 cxd5 16. Bd3 dxe5 17. Bg6+ Kd7 18. Rf1 Bc5 19. Rf7+ Kc6 20. Rb3 Qa4
21. Bg3 Bd7 22. Bxe5 Rhf8 23. Rxg7 Qh4+ 24. g3 Qh3 25. Bf4 e5 26. c4 Bd4 27.
cxd5+ Kxd5 28. g4 Qh4+ 29. Bg3 Qd8 30. Be4+ Kd6 31. Qxd4+ 1-0

[Event "Lichtenberger Sommer 2016"]
[Site "?"]
[Date "2016.08.15"]
[Round "3.11"]
[White "Stiemerling, Wilfried"]
[Black "Schneider, Christian"]
[Result "0-1"]
[WhiteElo "2117"]
[BlackElo "2220"]
[PlyCount "116"]
[EventDate "2016.??.??"]
[WhiteTeam "BSG Pneumant Fürstenwalde"]
[BlackTeam "SG Stadtilm"]

1. Nf3 c5 2. e3 Nc6 3. Bb5 g6 4. O-O Bg7 5. d3 Qb6 6. Bxc6 Qxc6 7. Qe2 d6 8. e4
e5 9. a4 Ne7 10. Nc3 h6 11. Nd2 O-O 12. Nc4 d5 13. exd5 Nxd5 14. Nxd5 Qxd5 15.
Qe4 Be6 16. Qxd5 Bxd5 17. Be3 Rac8 18. Nd6 Rc6 19. Nb5 a6 20. Nc3 Be6 21. Rad1
g5 22. f3 Rd8 23. a5 Bf8 24. b3 Kg7 25. Na4 Kg6 26. Nb2 h5 27. Rde1 f6 28. Kf2
Bd6 29. Ra1 h4 30. Rh1 f5 31. Rad1 Bc7 32. Bd2 e4 33. Bc3 exf3 34. gxf3 Bd5 35.
Nc4 Re6 36. Rhe1 Rde8 37. Rxe6+ Rxe6 38. Ne3 Bc6 39. Nf1 g4 40. fxg4 fxg4 41.
Re1 Rxe1 42. Bxe1 Be5 43. Bd2 Bd4+ 44. Ne3 Kh5 45. c3 Be5 46. Nf1 Bd5 47. c4
Bd4+ 48. Be3 Bc6 49. Bxd4 cxd4 50. b4 Kg5 51. Nd2 Kf4 52. Nf1 Ba4 53. Ng3 hxg3+
54. hxg3+ Ke5 55. Ke2 Kd6 56. Kd2 Bd7 57. Kc2 Bf5 58. Kd2 Kc6 0-1

[Event "Lichtenberger Sommer 2016"]
[Site "?"]
[Date "2016.08.15"]
[Round "3.12"]
[White "Kather, Yannick"]
[Black "Schiffer, Stefan"]
[Result "0-1"]
[WhiteElo "2037"]
[BlackElo "2237"]
[PlyCount "78"]
[EventDate "2016.??.??"]
[WhiteTeam "SC Weisse Dame (Berlin)"]
[BlackTeam "Brühler SK"]

1. e4 c5 2. c3 d5 3. exd5 Qxd5 4. d4 g6 5. Nf3 Bg7 6. Be3 cxd4 7. cxd4 Nf6 8.
Nc3 Qa5 9. Qd2 Bf5 10. Ne5 O-O 11. Be2 Nc6 12. Nxc6 bxc6 13. O-O Rad8 14. Rad1
Ng4 15. Bxg4 Bxg4 16. f3 Bf5 17. Qf2 Rd7 18. a3 Rfd8 19. Ne4 Bxe4 20. fxe4 e5
21. Bg5 Rf8 22. Bd2 Qb5 23. Bc3 Rfd8 24. d5 f6 25. d6 a5 26. b4 Rxd6 27. Rxd6
Rxd6 28. bxa5 c5 29. Qa2+ c4 30. Rb1 Qc6 31. Qe2 Rd3 32. Rb8+ Kf7 33. Bb4 Qd7
34. a6 Qa7+ 35. Bc5 Qxb8 36. a7 Qc8 37. Kh1 Bf8 38. Qc2 Kg7 39. Bg1 Rxa3 0-1

[Event "Lichtenberger Sommer 2016"]
[Site "?"]
[Date "2016.08.15"]
[Round "3.13"]
[White "Heuser, Philip"]
[Black "Frohberg, Marco"]
[Result "1/2-1/2"]
[WhiteElo "2086"]
[BlackElo "2197"]
[PlyCount "89"]
[EventDate "2016.??.??"]
[WhiteTeam "Münchener SC"]
[BlackTeam "Lübecker SV"]

1. d4 d5 2. c4 Nc6 3. Nc3 Nf6 4. Nf3 dxc4 5. Bg5 h6 6. Bxf6 exf6 7. e3 Bd6 8.
Bxc4 O-O 9. O-O Bg4 10. h3 Bh5 11. g4 Bg6 12. Nh4 Bh7 13. Bd3 Bxd3 14. Qxd3 Re8
15. Rac1 Nb4 16. Qc4 c6 17. a3 Nd5 18. Nf5 Nxc3 19. Rxc3 Bf8 20. Rd1 g6 21. Ng3
Bd6 22. Kg2 Bxg3 23. Kxg3 Qd6+ 24. Kg2 Rad8 25. Qc5 Qd5+ 26. Qxd5 Rxd5 27. Rc5
Red8 28. Rxd5 Rxd5 29. e4 Rd6 30. b4 Kf8 31. f4 Ke7 32. Kf3 Rd8 33. Ke3 a5 34.
bxa5 Ra8 35. Rb1 Kd6 36. Rxb7 Rxa5 37. Rb3 f5 38. Rc3 fxe4 39. Kxe4 f5+ 40.
gxf5 gxf5+ 41. Kd3 Ra4 42. Ke3 Ra8 43. Kd3 Ra4 44. Ke3 Ra8 45. Kd3 1/2-1/2

[Event "Lichtenberger Sommer 2016"]
[Site "?"]
[Date "2016.08.15"]
[Round "3.14"]
[White "George, Tom"]
[Black "Kapr, Klaus"]
[Result "1-0"]
[WhiteElo "2044"]
[BlackElo "1990"]
[PlyCount "59"]
[EventDate "2016.??.??"]
[WhiteTeam "SG Stadtilm"]
[BlackTeam "SC Friesen Lichtenberg"]

1. e4 d5 2. exd5 Qxd5 3. Nc3 Qa5 4. d4 Nf6 5. Bc4 Bf5 6. Bd2 c6 7. Qe2 e6 8. d5
cxd5 9. Nxd5 Qd8 10. Nxf6+ Qxf6 11. O-O-O Ba3 12. c3 Be7 13. g4 Bg6 14. h4 h6
15. f4 Nc6 16. f5 exf5 17. g5 Qe5 18. gxh6 f4 19. Qxe5 Nxe5 20. hxg7 Rg8 21.
Bb5+ Nc6 22. h5 Be4 23. Rh2 Rxg7 24. h6 Rg2 25. Rxg2 Bxg2 26. Bxf4 Be4 27. Re1
Bf5 28. Nf3 Kf8 29. h7 Bxh7 30. Bh6+ 1-0

[Event "Lichtenberger Sommer 2016"]
[Site "?"]
[Date "2016.08.15"]
[Round "3.15"]
[White "Deutschbein, Christopher"]
[Black "Hermannsdörfer, Frank"]
[Result "1/2-1/2"]
[WhiteElo "2006"]
[BlackElo "2188"]
[PlyCount "29"]
[EventDate "2016.??.??"]
[WhiteTeam "Eckernförder SC"]
[BlackTeam "SV Liebschwitz"]

1. d4 d6 2. e4 Nf6 3. Nc3 Nbd7 4. Nf3 e5 5. g4 d5 6. dxe5 Nxe4 7. Qxd5 Nxc3 8.
bxc3 c6 9. Qd3 Qa5 10. e6 fxe6 11. Bg2 Be7 12. Bd2 O-O 13. O-O Qc7 14. Ng5 Bxg5
15. Bxg5 1/2-1/2

[Event "Lichtenberger Sommer 2016"]
[Site "?"]
[Date "2016.08.15"]
[Round "3.16"]
[White "Willich, Manfred"]
[Black "Gaerths, Ronny"]
[Result "0-1"]
[WhiteElo "1969"]
[BlackElo "2169"]
[PlyCount "117"]
[EventDate "2016.??.??"]
[WhiteTeam "SK Turm Bad Hersfeld"]
[BlackTeam "SG TT/Wiheil (FV Schach)"]

1. d4 d6 2. Nf3 Bg4 3. Nbd2 Nf6 4. h3 Bf5 5. g3 g6 6. Bg2 Bg7 7. O-O O-O 8. Nh4
Bc8 9. e4 e5 10. c3 Na6 11. Nc4 exd4 12. cxd4 d5 13. exd5 Nxd5 14. Re1 c6 15.
Ne5 Be6 16. Nhf3 Nf6 17. b3 Bd5 18. Ba3 Re8 19. Ng5 Qa5 20. Bb2 Rf8 21. Qc2
Bxg2 22. Kxg2 h6 23. Ngf3 Rad8 24. Nc4 Qc7 25. a3 Nb8 26. Re2 Rfe8 27. Rae1
Rxe2 28. Rxe2 Nbd7 29. Nfd2 h5 30. Ne4 Nd5 31. Ng5 Nf8 32. Qe4 Nh7 33. Nxh7
Kxh7 34. Ne3 Nf6 35. Qe5 Qb6 36. Qe7 Rd7 37. Qc5 Qxb3 38. Qxa7 h4 39. Qc5 hxg3
40. fxg3 Qd3 41. Qc2 Qb5 42. a4 Qh5 43. Nc4 Qd5+ 44. Kh2 Rd8 45. Ne5 Nd7 46.
Rf2 Nxe5 47. dxe5 Kg8 48. Re2 Qe6 49. Bc3 c5 50. a5 c4 51. Qb2 Rd3 52. Be1 Qd5
53. Bc3 Rd1 54. Be1 Kh7 55. h4 Rd3 56. Bc3 Qf3 57. Be1 c3 58. Qc2 Bf8 59. Rf2
0-1

[Event "Lichtenberger Sommer 2016"]
[Site "?"]
[Date "2016.08.15"]
[Round "3.17"]
[White "Krefenstein, Sergej"]
[Black "Wierzbicki, Jirawat"]
[Result "0-1"]
[WhiteElo "2187"]
[BlackElo "2051"]
[PlyCount "114"]
[EventDate "2016.??.??"]
[WhiteTeam "TuS Makkabi Berlin"]
[BlackTeam "SK König Tegel"]

1. e4 e5 2. Nf3 Nc6 3. d4 exd4 4. Nxd4 Nf6 5. Nxc6 bxc6 6. e5 Qe7 7. Qe2 Nd5 8.
c4 Ba6 9. b3 g6 10. Bb2 Bg7 11. Nd2 Nb4 12. Nf3 c5 13. g3 O-O 14. Bg2 Rab8 15.
O-O d5 16. Rfd1 d4 17. Ne1 Bb7 18. Bxb7 Rxb7 19. f4 a5 20. Qf3 Rb6 21. Ba3 Rd8
22. Nd3 f6 23. exf6 Bxf6 24. Re1 Qf8 25. Bxb4 cxb4 26. Re2 Kg7 27. Rae1 c5 28.
h4 Qd6 29. Kg2 Rf8 30. Qe4 h6 31. Qe6 Qc7 32. Qg4 h5 33. Qf3 Qd6 34. Qe4 Rc6
35. Qe6 Qc7 36. Qd5 Rd8 37. Qf3 Qd7 38. Re4 a4 39. Rf1 Rf8 40. Qe2 axb3 41.
axb3 Qf5 42. Qf3 Ra6 43. Rfe1 Ra3 44. Rb1 Ra2+ 45. Re2 Rfa8 46. Rxa2 Rxa2+ 47.
Rb2 Rxb2+ 48. Nxb2 Qc2+ 49. Qf2 d3 50. Nxd3 Qxd3 51. Qxc5 Qe4+ 52. Kh2 Bd4 53.
Qd5 Qe2+ 54. Kh3 Qf1+ 55. Qg2 Qxg2+ 56. Kxg2 Kf6 57. Kf3 Kf5 0-1

[Event "Lichtenberger Sommer 2016"]
[Site "?"]
[Date "2016.08.15"]
[Round "3.18"]
[White "Seitz, Patrick"]
[Black "Barath M"]
[Result "0-1"]
[WhiteElo "1745"]
[BlackElo "2107"]
[PlyCount "120"]
[EventDate "2016.??.??"]
[WhiteTeam "SR Heuberg-Gosheim"]
[BlackTeam "SC Zugzwang 95 (Berlin)"]

1. e4 c5 2. Nf3 d6 3. d4 cxd4 4. Nxd4 Nf6 5. Nc3 a6 6. Bc4 e6 7. a4 Qc7 8. Bb3
Nc6 9. O-O Be7 10. Kh1 O-O 11. f4 Bd7 12. f5 e5 13. Nde2 Nb4 14. Ng3 Bc6 15.
Nh5 Rad8 16. Nxf6+ Bxf6 17. Qg4 d5 18. Bg5 Qe7 19. Bxf6 Qxf6 20. exd5 Nxd5 21.
Ne4 Qh6 22. Bxd5 Rxd5 23. Rad1 Rxd1 24. Rxd1 Qf4 25. Qxf4 exf4 26. Nf2 f3 27.
g4 Bxa4 28. b3 Bc6 29. h3 f6 30. Kh2 Re8 31. Rd2 Re1 32. Nd3 Rh1+ 33. Kg3 Rg1+
34. Kh2 Rh1+ 35. Kg3 Rg1+ 36. Kh2 Rf1 37. Kg3 a5 38. Nf4 Kf7 39. Nd5 Rh1 40. c4
Rf1 41. Rd3 Kf8 42. h4 f2 43. g5 fxg5 44. hxg5 Rg1+ 45. Kxf2 Rxg5 46. Ne3 Ke7
47. Rd1 Rh5 48. Kg3 Rh1 49. Nd5+ Bxd5 50. Rxd5 Rb1 51. Rb5 a4 52. Rxb7+ Kf6 53.
Rb6+ Kg5 54. c5 a3 55. c6 a2 56. c7 a1=Q 57. c8=Q Qe5+ 58. Kf3 Rf1+ 59. Kg2
Qe2+ 60. Kg3 Rf3# 0-1

[Event "Lichtenberger Sommer 2016"]
[Site "?"]
[Date "2016.08.15"]
[Round "3.19"]
[White "Amelang, Thomas"]
[Black "Kutschke, Jens"]
[Result "1/2-1/2"]
[WhiteElo "2169"]
[BlackElo "2002"]
[PlyCount "26"]
[EventDate "2016.??.??"]
[WhiteTeam "SK Siemens München"]
[BlackTeam "SF 1903 Berlin"]

1. e4 e6 2. d4 d5 3. exd5 exd5 4. Bd3 Bd6 5. c3 Qh4 6. Qf3 Nf6 7. Qe3+ Be6 8.
Qg5 Qxg5 9. Bxg5 Nbd7 10. Ne2 h6 11. Bf4 Bxf4 12. Nxf4 O-O 13. Nd2 g5 1/2-1/2

[Event "Lichtenberger Sommer 2016"]
[Site "?"]
[Date "2016.08.15"]
[Round "3.20"]
[White "Werner, Justus"]
[Black "Rietze, Clemens"]
[Result "0-1"]
[WhiteElo "1937"]
[BlackElo "2368"]
[PlyCount "126"]
[EventDate "2016.??.??"]
[WhiteTeam "SG Stadtilm"]
[BlackTeam "SC Rotation Pankow"]

1. c4 f5 2. g3 Nf6 3. Bg2 g6 4. Nc3 Bg7 5. d4 O-O 6. e3 d6 7. Nge2 c6 8. O-O
Na6 9. b3 Nc7 10. Ba3 Rb8 11. Qc2 b5 12. Bb2 bxc4 13. bxc4 Be6 14. Na4 Rb4 15.
Nf4 Bxc4 16. Ba3 Bxf1 17. Bxb4 Bxg2 18. Kxg2 Qd7 19. Rc1 Ncd5 20. Ba3 Rc8 21.
Nb2 g5 22. Nxd5 Nxd5 23. Nd3 Qe6 24. Qb3 Kf7 25. Kg1 Nb6 26. Qd1 Qxa2 27. Qh5+
Kg8 28. Bb2 h6 29. Ra1 Qf7 30. Qxf7+ Kxf7 31. Rxa7 Nd5 32. Ba3 Ke6 33. Kg2 Rb8
34. Kf3 Rb3 35. Nc1 Rb1 36. Ra6 Ra1 37. Nb3 Ra2 38. Nc1 Rc2 39. h3 Nc7 40. Ra5
Nb5 41. Nd3 Rc3 42. d5+ Kf7 43. dxc6 Rxd3 44. Bc5 dxc5 45. Rxb5 Rd8 46. Rxc5 e6
47. e4 Bd4 48. Rc2 Kf6 49. h4 g4+ 50. Ke2 fxe4 51. Rc4 e5 52. c7 Rc8 53. Rc6+
Ke7 54. Rxh6 Kd7 55. Rh7+ Kc6 56. h5 Kb7 57. h6 Rf8 58. Rg7 Rxf2+ 59. Ke1 e3
60. c8=Q+ Kxc8 61. Rg8+ Kb7 62. Rg7+ Kb6 63. Rg6+ Kb5 0-1

[Event "Lichtenberger Sommer 2016"]
[Site "?"]
[Date "2016.08.15"]
[Round "3.21"]
[White "Melamed, Tatjana"]
[Black "Böhm, Uwe"]
[Result "1-0"]
[WhiteElo "2318"]
[BlackElo "2138"]
[PlyCount "71"]
[EventDate "2016.??.??"]
[WhiteTeam "AE Magdeburg"]
[BlackTeam "SK Siemens München"]

1. e4 e6 2. d4 d5 3. Nd2 c5 4. Ngf3 cxd4 5. Nxd4 Nc6 6. Bb5 Bd7 7. Nxc6 bxc6 8.
Bd3 Bd6 9. Qe2 Ne7 10. e5 Bc7 11. O-O O-O 12. Nf3 f5 13. c4 h6 14. Bd2 a5 15.
Rfc1 Qb8 16. Rab1 Qa7 17. Be3 Bb6 18. c5 Bc7 19. Kh1 Qb8 20. Bd2 Ra7 21. Rg1
Rb7 22. b3 Qe8 23. Nd4 Kh8 24. f4 Rb8 25. Qe1 Ra8 26. Qh4 Kh7 27. g4 g6 28.
gxf5 gxf5 29. Nf3 Ng8 30. Rg3 Qe7 31. Rbg1 Bd8 32. Qh3 Bc7 33. Be1 Rae8 34. Rg6
Qd8 35. Rg7+ Kh8 36. Rxg8+ 1-0

[Event "Lichtenberger Sommer 2016"]
[Site "?"]
[Date "2016.08.15"]
[Round "3.22"]
[White "Rudakov, Aleksandr"]
[Black "Kröncke, Manfred"]
[Result "1-0"]
[WhiteElo "2242"]
[BlackElo "2039"]
[PlyCount "55"]
[EventDate "2016.??.??"]
[WhiteTeam "Perovo Moscow"]
[BlackTeam "SG Glückstadt"]

1. e4 c5 2. Nf3 e6 3. c4 Nc6 4. Be2 Qc7 5. O-O Nf6 6. Nc3 a6 7. d4 cxd4 8. Nxd4
Nxd4 9. Qxd4 Bd6 10. h3 Bc5 11. Qd3 h6 12. a3 e5 13. Be3 d6 14. b4 Bxe3 15.
Qxe3 Be6 16. Rac1 O-O 17. c5 d5 18. exd5 Nxd5 19. Qg3 Nxc3 20. Rxc3 Rfd8 21.
Re3 f6 22. f4 e4 23. Rxe4 Bf5 24. Re3 a5 25. Re1 Kf8 26. Bb5 axb4 27. axb4 Rd4
28. Re7 1-0

[Event "Lichtenberger Sommer 2016"]
[Site "?"]
[Date "2016.08.15"]
[Round "3.23"]
[White "Badestein, Hartmut"]
[Black "Rosmann, Ilja"]
[Result "0-1"]
[WhiteElo "2060"]
[BlackElo "2289"]
[PlyCount "146"]
[EventDate "2016.??.??"]
[WhiteTeam "SC Friesen Lichtenberg"]
[BlackTeam "Königsspr. SC"]

1. e4 c5 2. Nf3 Nc6 3. Bb5 g6 4. O-O Bg7 5. Re1 e5 6. Bxc6 dxc6 7. d3 Qe7 8. h3
Nh6 9. Be3 f6 10. Nbd2 O-O 11. Nf1 Nf7 12. Ng3 Nd8 13. c3 Ne6 14. Qb3 Kh8 15.
d4 Rd8 16. Rad1 cxd4 17. cxd4 exd4 18. Nxd4 Nxd4 19. Bxd4 b6 20. Qc2 c5 21. Be3
Be6 22. b3 Rxd1 23. Rxd1 Rc8 24. Bf4 c4 25. bxc4 Rxc4 26. Qe2 Rc8 27. Nf1 Qf7
28. a3 Bc4 29. Qg4 Be6 30. Qe2 f5 31. exf5 Qxf5 32. Ng3 Qxf4 33. Qxe6 Rf8 34.
Ne4 Be5 35. Qe7 Rf7 36. Qe8+ Rf8 37. Qe7 Rf7 38. Qe8+ Kg7 39. Qc6 Qh2+ 40. Kf1
Qh1+ 41. Ke2 Qxg2 42. Rd7 Qf3+ 43. Kd2 Rxd7+ 44. Qxd7+ Qf7 45. Qd3 Qa2+ 46. Ke3
Qe6 47. Kd2 Qc6 48. Ke3 b5 49. Qd8 Qb6+ 50. Qxb6 axb6 51. f4 Bb2 52. Nd6 Bxa3
53. Nxb5 Bb2 54. Ke4 Kf6 55. Nc7 Kf7 56. Nb5 Bf6 57. Kd5 Bh4 58. Nd6+ Kf6 59.
Ke4 Ke6 60. Nb5 Bf2 61. Kf3 Bg1 62. Ke4 Bc5 63. Nc3 Bf8 64. Nb5 Bg7 65. Na7 Kd6
66. f5 g5 67. Nc8+ Kc5 68. Ne7 b5 69. Nd5 b4 70. f6 Bf8 71. Ke5 b3 72. Nc3 Kc4
73. Nb1 Kd3 0-1

[Event "Lichtenberger Sommer 2016"]
[Site "?"]
[Date "2016.08.15"]
[Round "3.24"]
[White "Albert, Jörg"]
[Black "Giemsa, Stephan"]
[Result "0-1"]
[WhiteElo "2149"]
[BlackElo "2261"]
[PlyCount "106"]
[EventDate "2016.??.??"]
[WhiteTeam "SV Eiche Reichenbrand"]
[BlackTeam "SK König Tegel"]

1. d4 Nf6 2. Nf3 g6 3. Bg5 Bg7 4. Nbd2 O-O 5. c3 d5 6. e3 Nbd7 7. Bd3 Re8 8. e4
dxe4 9. Nxe4 c5 10. O-O Qc7 11. Re1 Nxe4 12. Bxe4 Nf6 13. Bc2 cxd4 14. Nxd4 Bg4
15. f3 Bd7 16. Qe2 e5 17. Nb3 h6 18. Bd2 a5 19. a4 Bc6 20. Qf2 Nd5 21. Nc1 f5
22. Na2 Kh7 23. c4 Nf4 24. Nc3 Rad8 25. Be3 Nd3 26. Bb6 Nxf2 27. Bxc7 Rd2 28.
Re2 Rd7 29. Bxa5 Nd3 30. Bxd3 Rxd3 31. Nb5 e4 32. fxe4 Rxe4 33. Rxe4 fxe4 34.
Bc3 e3 35. Kf1 Bxc3 36. Nxc3 Rd2 37. Nd5 e2+ 38. Ke1 Rxb2 39. Nf4 g5 40. Nxe2
Bxg2 41. Kf2 Bh3 42. Ke3 Be6 43. c5 Bc4 44. Nd4 Rxh2 45. c6 bxc6 46. Nxc6 Bd5
47. Ne5 Rh4 48. Kf2 Re4 49. Nd3 h5 50. a5 h4 51. a6 g4 52. Kg1 g3 53. Ne1 Re2
0-1

[Event "Lichtenberger Sommer 2016"]
[Site "?"]
[Date "2016.08.15"]
[Round "3.25"]
[White "Witte, Ronald"]
[Black "Niehaus, Frank"]
[Result "1/2-1/2"]
[WhiteElo "2023"]
[BlackElo "2255"]
[PlyCount "62"]
[EventDate "2016.??.??"]
[WhiteTeam "BSV 63 Chemie Weißensee"]
[BlackTeam "SK König Tegel"]

1. Nf3 Nf6 2. c4 g6 3. d4 Bg7 4. g3 d6 5. Bg2 O-O 6. O-O Nc6 7. Nc3 Bg4 8. h3
Bxf3 9. Bxf3 Nd7 10. e3 e5 11. d5 Ne7 12. e4 f5 13. Bg5 h6 14. Bxe7 Qxe7 15. b4
Nf6 16. Rc1 a5 17. a3 axb4 18. axb4 Ra3 19. Nb5 Rxf3 20. Qxf3 Nxe4 21. Qe2 h5
22. Nc3 Nxc3 23. Rxc3 e4 24. Ra3 Qg5 25. h4 Qe7 26. Re1 Re8 27. Qe3 Kh7 28. f4
Qf8 29. Rd1 Kh6 30. Kg2 Qh8 31. c5 Bb2 1/2-1/2